LEADER 01140cam0 2200301 450 001 E600200011637 005 20251203140054.0 010 $a8815087664 100 $a20050726d2002 |||||ita|0103 ba 101 $aita 102 $aIT 200 1 $aRicordare$eforme e mutamenti della memoria culturale$fAleida Assmann 210 $aBologna$cIl Mulino$d2002 215 $a462 p.$d22 cm 225 2 $aCollezione di testi e studi$eFilologia e critica letteraria 410 1$1001LAEC00018768$12001 $a*Collezione di testi e studi : Filologia e critica letteraria 700 1$aAssmann$b, Aleida$3AF00012997$4070$0169588 801 0$aIT$bUNISOB$c20251203$gRICA 850 $aUNISOB 852 $aUNISOB$j300$m126726 852 $aUNISOB$j300$m114831 912 $aE600200011637 940 $aM 102 Monografia moderna SBN 941 $aM 957 $a300$b004178$gBRE$d126726$racquisto$1pomicino$2UNISOB$3UNISOB$420050726070952.0$520251203140054.0$6Spinosa$fTesto 2022/2023 957 $a300$b003530$gSI$d114831$rACQUISTO$1Spinosa$2UNISOB$3UNISOB$420190909111845.0$520190909111857.0$6Spinosa 996 $aRicordare$9254447 997 $aUNISOB LEADER 04002nam 22006375 450 001 9910438070403321 005 20251230070117.0 010 $a3-642-38391-2 024 7 $a10.1007/978-3-642-38391-5 035 $a(CKB)2560000000104738 035 $a(EBL)1317420 035 $a(SSID)ssj0000928007 035 $a(PQKBManifestationID)11592365 035 $a(PQKBTitleCode)TC0000928007 035 $a(PQKBWorkID)10907932 035 $a(PQKB)10786004 035 $a(DE-He213)978-3-642-38391-5 035 $a(MiAaPQ)EBC1317420 035 $a(PPN)170492109 035 $a(EXLCZ)992560000000104738 100 $a20130614d2013 u| 0 101 0 $aeng 135 $aur|n|---||||| 181 $ctxt 182 $cc 183 $acr 200 14$aThe 19th International Conference on Industrial Engineering and Engineering Management $eAssistive Technology of Industrial Engineering /$fedited by Ershi Qi, Jiang Shen, Runliang Dou 205 $a1st ed. 2013. 210 1$aBerlin, Heidelberg :$cSpringer Berlin Heidelberg :$cImprint: Springer,$d2013. 215 $a1 online resource (1586 p.) 300 $aDescription based upon print version of record. 311 08$a3-642-38390-4 320 $aIncludes bibliographical references at the end of each chapters. 327 $aAdvanced Decision Analysis and Methods -- Operations Research -- Systems Modeling and Simulation -- Workflow Technologies and Applications. 330 $aThe International Conference on Industrial Engineering and Engineering Management is sponsored by the Chinese Industrial Engineering Institution, CMES, which is the only national-level academic society for Industrial Engineering. The conference is held annually as the major event in this arena. Being the largest and the most authoritative international academic conference held in China, it provides an academic platform for experts and entrepreneurs in the areas of international industrial engineering and management to exchange their research findings. Many experts in various fields from China and around the world gather together at the conference to review, exchange, summarize and promote their achievements in the fields of industrial engineering and engineering management. For example, some experts pay special attention to the current state of the application of related techniques in China as well as their future prospects, such as green product design, quality control and management, supply chain and logistics management to address the need for, amongst other things low-carbon, energy-saving and emission-reduction. They also offer opinions on the outlook for the development of related techniques. The proceedings offers impressive methods and concrete applications for experts from colleges and universities, research institutions and enterprises who are engaged in theoretical research into industrial engineering and engineering management and its applications. As all the papers are of great value from both an academic and a practical point of view, they also provide research data for international scholars who are investigating Chinese style enterprises and engineering management. 606 $aTechnological innovations 606 $aIndustrial engineering 606 $aProduction engineering 606 $aInnovation and Technology Management 606 $aIndustrial and Production Engineering 615 0$aTechnological innovations. 615 0$aIndustrial engineering. 615 0$aProduction engineering. 615 14$aInnovation and Technology Management. 615 24$aIndustrial and Production Engineering. 676 $a670.42 701 $aQi$b Ershi$01752870 701 $aShen$b Jiang$0666208 701 $aDou$b Runliang$01738170 801 0$bMiAaPQ 801 1$bMiAaPQ 801 2$bMiAaPQ 906 $aBOOK 912 $a9910438070403321 996 $aThe 19th International Conference on Industrial Engineering and Engineering Management$94188359 997 $aUNINA